[Event "Groningen Festival 2019-A"]
[Site "Groningen"]
[Date "2019.12.30"]
[Round "9.6"]
[White "Lubbe, Nikolas"]
[Black "Tiviakov, Sergei"]
[Result "0-1"]
[WhiteElo "2451"]
[BlackElo "2615"]
[Annotator "ChessBase"]
[PlyCount "118"]
[EventDate "2019.12.15"]
[EventType "swiss"]
[EventCountry "NED"]
[SourceTitle "playchess.com"]
[Source "ChessBase"]
[SourceQuality "1"]
[TimeControl "40/5400+30:1800+30"]

1. g3 {[%emt 0:00:00]} Nf6 {[%emt 0:00:00]} 2. Bg2 {[%emt 0:00:00]} d5 {[%emt 0:00:00]} 3. Nf3 {[%emt 0:00:01]} e6 {[%emt 0:00:00]} 4. O-O {[%emt 0:00:16]} Be7 {[%emt 0:00:00]} 5. c4 {[%emt 0:00:22]} O-O {[%emt 0:00:10]} 6. d4 {[%emt 0:01:48]} c6 {[%emt 0:00:13]} 7. Nc3 {[%emt 0:00:37]} Nbd7 {[%emt 0:08:44]} 8. Nd2 {[%emt 0:04:23]} b6 {[%emt 0:09:56]} 9. e4 {[%emt 0:00:55]} dxc4 {[%emt 0:03:28]} 10. Nxc4 {[%emt 0:01:56]} Ba6 {[%emt 0:00:08]} 11. b3 {[%emt 0:01:17]} b5 {[%emt 0:04:00]} 12. Ne3 {[%emt 0:01:24]} b4 {[%emt 0:14:17]} 13. Ne2 {[%emt 0:00:16]} e5 {[%emt 0:01:27]} 14. Nf5 {[%emt 0:12:05]} Re8 {[%emt 0:00:52]} 15. Re1 {[%emt 0:17:50]} Bf8 {[%emt 0:01:36]} 16. Bb2 {[%emt 0:02:26]} Qb6 {[%emt 0:07:08]} 17. Rc1 {[%emt 0:05:39]} Rac8 {[%emt 0:09:25]} 18. Ne3 {[%emt 0:06:09]} exd4 {[%emt 0:13:25]} 19. Bxd4 {[%emt 0:00:59]} Qb8 {[%emt 0:01:21]} 20. Qc2 {[%emt 0:03:30]} Ne5 {[%emt 0:00:11]} 21. Nc4 {[%emt 0:01:47]} Nxc4 {[%emt 0:01:26]} 22. bxc4 {[%emt 0:00:02]} Nd7 {[%emt 0:00:15]} 23. c5 {[%emt 0:08:18]} Ne5 {[%emt 0:02:21]} 24. Red1 {[%emt 0:02:31]} Rcd8 {[%emt 0:05:29]} 25. Nf4 {[%emt 0:03:48]} Bb5 {[%emt 0:00:53]} 26. Qb3 {[%emt 0:03:52]} a5 {[%emt 0:00:38]} 27. h4 {[%emt 0:02:16]} Re7 {[%emt 0:04:30]} 28. h5 {[%emt 0:03:51]} Red7 {[%emt 0:01:29]} 29. Qb2 {[%emt 0:05:58]} h6 {[%emt 0:01:46]} 30. Kh2 {[%emt 0:05:08]} Nd3 {[%emt 0:01:43]} 31. Rxd3 {[%emt 0:00:04]} Bxd3 {[%emt 0:00:05]} 32. Be3 {[%emt 0:01:03]} Re7 {[%emt 0:03:05]} 33. Nxd3 {[%emt 0:00:55]} Rxd3 {[%emt 0:00:03]} 34. Bf4 {[%emt 0:00:02]} Qc8 {[%emt 0:02:20]} 35. e5 {[%emt 0:01:01]} Qg4 {[%emt 0:02:05]} 36. Bxc6 {[%emt 0:01:25]} Qxh5+ {[%emt 0:01:21]} 37. Kg2 {[%emt 0:00:01]} Rd1 {[%emt 0:01:18]} 38. Rxd1 {[%emt 0:00:47]} Qxd1 {[%emt 0:00:03]} 39. Bf3 {[%emt 0:01:21]} Qe1 {[%emt 0:00:24]} 40. c6 {[%emt 0:01:53]} g5 {[%emt 0:01:18]} 41. Be3 {[%emt 0:04:14]} Qc3 {[%emt 0:01:53]} 42. Qb3 {[%emt 0:04:45]} Qxb3 {[%emt 0:18:20]} 43. axb3 {[%emt 0:00:01]} Bg7 {[%emt 0:00:32]} 44. Bc5 {[%emt 0:04:30]} Re8 {[%emt 0:02:29]} 45. e6 {[%emt 0:01:58]} fxe6 {[%emt 0:01:31]} 46. Bd6 {[%emt 0:00:52]} a4 {[%emt 0:02:01]} 47. bxa4 {[%emt 0:00:02]} b3 {[%emt 0:00:04]} 48. a5 {[%emt 0:00:51]} Bc3 {[%emt 0:05:41]} 49. a6 {[%emt 0:00:49]} Bd4 {[%emt 0:00:32]} 50. Be4 {[%emt 0:06:47]} Rc8 {[%emt 0:00:21]} 51. g4 {[%emt 0:04:17]} Kf7 {[%emt 0:01:45]} 52. Kf3 {[%emt 0:01:20]} b2 {[%emt 0:01:03]} 53. c7 {[%emt 0:00:01]} Kf6 {[%emt 0:00:42]} 54. Ke2 {[%emt 0:00:02]} Be5 {[%emt 0:00:37]} 55. a7 {[%emt 0:00:06]} Bxd6 {[%emt 0:00:04]} 56. a8=Q {[%emt 0:00:08]} b1=Q {[%emt 0:00:02]} 57. Qa4 {[%emt 0:03:29]} Qb4 {[%emt 0:00:27]} 58. Qa1+ {[%emt 0:00:22]} Be5 {[%emt 0:00:04]} 59. Qh1 {[%emt 0:00:02]} Ke7 {[%emt 0:00:22]} 0-1

[Event "Groningen Festival 2019-A"]
[Site "Groningen"]
[Date "2019.12.30"]
[Round "9.7"]
[White "Grutter, Tim"]
[Black "Krasenkow, Michal"]
[Result "0-1"]
[WhiteElo "2214"]
[BlackElo "2611"]
[Annotator "ChessBase"]
[PlyCount "128"]
[EventDate "2019.12.15"]
[EventType "swiss"]
[EventCountry "NED"]
[SourceTitle "playchess.com"]
[Source "ChessBase"]
[SourceQuality "1"]
[TimeControl "40/5400+30:1800+30"]

1. e4 {[%emt 0:00:00]} g6 {[%emt 0:00:00]} 2. d4 {[%emt 0:00:00]} Bg7 {[%emt 0:00:00]} 3. Nc3 {[%emt 0:00:00]} d6 {[%emt 0:00:00]} 4. Bg5 {[%emt 0:00:36]} a6 {[%emt 0:03:43]} 5. f4 {[%emt 0:06:39]} b5 {[%emt 0:00:53]} 6. Nf3 {[%emt 0:01:15]} Bb7 {[%emt 0:00:37]} 7. Bd3 {[%emt 0:04:55]} c5 {[%emt 0:03:40]} 8. dxc5 {[%emt 0:02:24]} dxc5 {[%emt 0:01:06]} 9. e5 {[%emt 0:02:19]} Nh6 {[%emt 0:05:00]} 10. Be4 {[%emt 0:02:34]} Nc6 {[%emt 0:11:30]} 11. O-O {[%emt 0:07:29]} Nf5 {[%emt 0:00:54]} 12. Nd5 {[%emt 0:17:27]} h6 {[%emt 0:04:13]} 13. Bxf5 {[%emt 0:05:47]} hxg5 {[%emt 0:00:50]} 14. Be4 {[%emt 0:08:22]} e6 {[%emt 0:11:28]} 15. Nxg5 {[%emt 0:05:24]} exd5 {[%emt 0:00:15]} 16. Bxd5 {[%emt 0:00:14]} O-O {[%emt 0:01:08]} 17. Qd3 {[%emt 0:10:41]} Nxe5 {[%emt 0:00:40]} 18. Qh3 {[%emt 0:00:13]} Qxg5 {[%emt 0:00:20]} 19. Bxb7 {[%emt 0:01:29]} Qg4 {[%emt 0:00:15]} 20. Bxa8 {[%emt 0:01:01]} Qxh3 {[%emt 0:00:08]} 21. gxh3 {[%emt 0:00:02]} Nc4 {[%emt 0:00:09]} 22. Bb7 {[%emt 0:01:11]} Bxb2 {[%emt 0:00:52]} 23. Bxa6 {[%emt 0:02:10]} Bxa1 {[%emt 0:00:58]} 24. Rxa1 {[%emt 0:00:01]} Na3 {[%emt 0:00:39]} 25. Rd1 {[%emt 0:03:43]} Rb8 {[%emt 0:07:09]} 26. c3 {[%emt 0:01:14]} Rb6 {[%emt 0:01:23]} 27. Bc8 {[%emt 0:00:04]} c4 {[%emt 0:04:17]} 28. Kf2 {[%emt 0:04:09]} b4 {[%emt 0:01:29]} 29. cxb4 {[%emt 0:00:02]} c3 {[%emt 0:00:14]} 30. Rc1 {[%emt 0:00:16]} c2 {[%emt 0:00:11]} 31. Ke2 {[%emt 0:01:01]} Rxb4 {[%emt 0:00:34]} 32. f5 {[%emt 0:01:14]} g5 {[%emt 0:13:30]} 33. Ba6 {[%emt 0:02:01]} Rh4 {[%emt 0:11:54]} 34. Bd3 {[%emt 0:00:46]} Rxh3 {[%emt 0:00:06]} 35. Bxc2 {[%emt 0:00:12]} Rxh2+ {[%emt 0:00:21]} 36. Kd3 {[%emt 0:00:14]} Rf2 {[%emt 0:00:19]} 37. Bb3 {[%emt 0:05:08]} Rxf5 {[%emt 0:00:15]} 38. Rc8+ {[%emt 0:02:48]} Kg7 {[%emt 0:00:08]} 39. Ke3 {[%emt 0:01:49]} Nb5 {[%emt 0:04:33]} 40. Rc4 {[%emt 0:02:09]} Nd6 {[%emt 0:05:17]} 41. Rd4 {[%emt 0:03:12]} Rf6 {[%emt 0:00:20]} 42. Rd5 {[%emt 0:03:49]} Kh6 {[%emt 0:00:54]} 43. Bd1 {[%emt 0:02:35]} Nc4+ {[%emt 0:00:52]} 44. Ke2 {[%emt 0:01:26]} g4 {[%emt 0:01:09]} 45. Rd4 {[%emt 0:02:10]} Ne5 {[%emt 0:03:20]} 46. Ke3 {[%emt 0:04:56]} g3 {[%emt 0:06:44]} 47. Rh4+ {[%emt 0:00:47]} Kg7 {[%emt 0:00:03]} 48. Rh1 {[%emt 0:01:26]} Nc4+ {[%emt 0:00:50]} 49. Ke4 {[%emt 0:02:51]} Nd2+ {[%emt 0:06:27]} 50. Kd3 {[%emt 0:03:24]} Nf3 {[%emt 0:01:41]} 51. Bxf3 {[%emt 0:04:46]} Rxf3+ {[%emt 0:00:13]} 52. Ke4 {[%emt 0:00:59]} Rf2 {[%emt 0:00:09]} 53. a4 {[%emt 0:00:48]} f5+ {[%emt 0:01:16]} 54. Ke5 {[%emt 0:00:13]} g2 {[%emt 0:01:09]} 55. Rg1 {[%emt 0:00:16]} f4 {[%emt 0:00:04]} 56. a5 {[%emt 0:00:12]} f3 {[%emt 0:00:05]} 57. a6 {[%emt 0:00:26]} Rf1 {[%emt 0:03:31]} 58. a7 {[%emt 0:00:19]} Rxg1 {[%emt 0:00:04]} 59. a8=Q {[%emt 0:00:17]} Re1+ {[%emt 0:00:05]} 60. Kf5 {[%emt 0:00:22]} g1=Q {[%emt 0:00:06]} 61. Qb7+ {[%emt 0:00:12]} Kh6 {[%emt 0:00:51]} 62. Qc6+ {[%emt 0:00:17]} Kh7 {[%emt 0:00:09]} 63. Qc7+ {[%emt 0:00:20]} Qg7 {[%emt 0:00:06]} 64. Qh2+ {[%emt 0:00:08]} Kg8 {[%emt 0:00:04]} 0-1

[Event "Groningen Festival 2019-A"]
[Site "Groningen"]
[Date "2019.12.30"]
[Round "9.8"]
[White "De Jong, Migchiel"]
[Black "Gleizerov, Evgeny"]
[Result "0-1"]
[WhiteElo "2326"]
[BlackElo "2508"]
[Annotator "ChessBase"]
[PlyCount "104"]
[EventDate "2019.12.15"]
[EventType "swiss"]
[EventCountry "NED"]
[SourceTitle "playchess.com"]
[Source "ChessBase"]
[SourceQuality "1"]
[TimeControl "40/5400+30:1800+30"]

1. e4 {[%emt 0:00:00]} e6 {[%emt 0:00:00]} 2. d4 {[%emt 0:00:00]} d5 {[%emt 0:00:00]} 3. Nc3 {[%emt 0:00:24]} Nf6 {[%emt 0:00:00]} 4. e5 {[%emt 0:00:26]} Nfd7 {[%emt 0:00:00]} 5. f4 {[%emt 0:00:07]} c5 {[%emt 0:00:00]} 6. Nf3 {[%emt 0:00:07]} Be7 {[%emt 0:00:00]} 7. Be3 {[%emt 0:00:40]} b6 {[%emt 0:00:00]} 8. Be2 {[%emt 0:01:40]} Nc6 {[%emt 0:00:40]} 9. O-O {[%emt 0:01:37]} O-O {[%emt 0:01:05]} 10. Kh1 {[%emt 0:13:19]} f5 {[%emt 0:00:57]} 11. exf6 {[%emt 0:01:23]} Nxf6 {[%emt 0:00:52]} 12. Bb5 {[%emt 0:10:38]} Qc7 {[%emt 0:00:24]} 13. Qd2 {[%emt 0:12:29]} Bd7 {[%emt 0:07:59]} 14. f5 {[%emt 0:07:20]} Rad8 {[%emt 0:17:32]} 15. Bf4 {[%emt 0:02:30]} Qc8 {[%emt 0:02:10]} 16. Rae1 {[%emt 0:03:02]} Nxd4 {[%emt 0:14:40]} 17. Nxd4 {[%emt 0:05:27]} cxd4 {[%emt 0:00:53]} 18. Qxd4 {[%emt 0:04:18]} Bxb5 {[%emt 0:08:39]} 19. Nxb5 {[%emt 0:00:12]} Bc5 {[%emt 0:00:04]} 20. Qa4 {[%emt 0:04:05]} a6 {[%emt 0:06:29]} 21. Nc7 {[%emt 0:02:29]} exf5 {[%emt 0:03:41]} 22. Ne6 {[%emt 0:01:20]} Ne4 {[%emt 0:00:53]} 23. Nxf8 {[%emt 0:01:01]} Kxf8 {[%emt 0:05:10]} 24. h3 {[%emt 0:02:32]} h6 {[%emt 0:04:14]} 25. c4 {[%emt 0:02:22]} Nf2+ {[%emt 0:04:51]} 26. Kh2 {[%emt 0:00:16]} Nd3 {[%emt 0:00:04]} 27. b4 {[%emt 0:01:47]} Nxb4 {[%emt 0:03:39]} 28. cxd5 {[%emt 0:00:51]} Nd3 {[%emt 0:06:22]} 29. Re6 {[%emt 0:01:51]} Rxd5 {[%emt 0:00:49]} 30. Rc6 {[%emt 0:01:23]} Qd7 {[%emt 0:02:06]} 31. Rxc5 {[%emt 0:08:03]} bxc5 {[%emt 0:04:40]} 32. Qxa6 {[%emt 0:00:17]} Nxf4 {[%emt 0:00:06]} 33. Rxf4 {[%emt 0:00:32]} Qc7 {[%emt 0:00:37]} 34. Kg1 {[%emt 0:00:49]} Qxf4 {[%emt 0:03:06]} 35. Qa8+ {[%emt 0:00:06]} Ke7 {[%emt 0:00:05]} 36. Qxd5 {[%emt 0:00:04]} c4 {[%emt 0:01:31]} 37. Qc5+ {[%emt 0:03:14]} Ke6 {[%emt 0:01:05]} 38. Qc6+ {[%emt 0:03:08]} Kf7 {[%emt 0:00:08]} 39. Qd5+ {[%emt 0:01:14]} Kf6 {[%emt 0:01:28]} 40. Qc6+ {[%emt 0:02:15]} Kg5 {[%emt 0:00:43]} 41. a4 {[%emt 0:30:17]} Qe3+ {[%emt 0:30:23]} 42. Kh2 {[%emt 0:02:19]} c3 {[%emt 0:01:59]} 43. Qc8 {[%emt 0:02:24]} Qf4+ {[%emt 0:00:00]} 44. Kh1 {[%emt 0:00:00]} Qd2 {[%emt 0:00:00]} 45. h4+ {[%emt 0:00:00]} Kg4 {[%emt 0:00:00]} 46. Qc4+ {[%emt 0:00:00]} Kh5 {[%emt 0:00:00]} 47. Qe6 {[%emt 0:00:00]} g6 {[%emt 0:00:00]} 48. g4+ {[%emt 0:00:00]} fxg4 {[%emt 0:00:00]} 49. Qe5+ {[%emt 0:00:00]} Kxh4 {[%emt 0:00:00]} 50. Qf6+ {[%emt 0:00:00]} Kh3 {[%emt 0:00:00]} 51. Qf1+ {[%emt 0:00:00]} Kg3 {[%emt 0:00:00]} 52. Qg2+ {[%emt 0:00:00]} Qxg2# {[%emt 0:00:12]} 0-1

[Event "Groningen Festival 2019-A"]
[Site "Groningen"]
[Date "2019.12.30"]
[Round "9.9"]
[White "Kokje, Joris"]
[Black "Pacher, Milan"]
[Result "0-1"]
[WhiteElo "2222"]
[BlackElo "2427"]
[Annotator "NA"]
[PlyCount "48"]
[EventDate "2019.12.15"]
[EventType "swiss"]
[EventCountry "NED"]
[SourceTitle "playchess.com"]
[Source "ChessBase"]
[SourceQuality "1"]
[TimeControl "40/5400+30:1800+30"]

1. d4 {[%emt 0:00:00]} d5 {[%emt 0:05:36]} 2. c4 {[%emt 0:17:08]} e6 {[%emt 0:00:05]} 3. Nf3 {[%emt 0:00:21]} Nf6 {[%emt 0:00:07]} 4. g3 {[%emt 0:00:06]} c5 {[%emt 0:00:35]} 5. cxd5 {[%emt 0:00:45]} exd5 {[%emt 0:00:04]} 6. Bg2 {[%emt 0:00:30]} Nc6 {[%emt 0:00:06]} 7. O-O {[%emt 0:01:10]} Be7 {[%emt 0:00:05]} 8. Nc3 {[%emt 0:00:59]} O-O {[%emt 0:00:09]} 9. dxc5 {[%emt 0:00:41]} Bxc5 {[%emt 0:00:06]} 10. Na4 {[%emt 0:00:09]} Be7 {[%emt 0:00:25]} 11. Be3 {[%emt 0:00:06]} Ne4 {[%emt 0:01:51]} 12. Rc1 {[%emt 0:01:56]} Be6 {[%emt 0:00:50]} 13. Nd4 {[%emt 0:02:57]} Nxd4 {[%emt 0:00:33]} 14. Bxd4 {[%emt 0:00:28]} Qa5 {[%emt 0:01:12]} 15. a3 {[%emt 0:06:27]} Rac8 $14 {[%emt 0:03:54]} 16. Rxc8 {[%emt 0:07:08]} Rxc8 {[%emt 0:00:03]} 17. Nc3 {[%emt 0:00:21]} Nd6 {[%emt 0:01:17]} 18. Qb3 {[%emt 0:04:51]} Nf5 {[%emt 0:06:37]} 19. Qxb7 {[%emt 0:04:12]} Bxa3 {[%emt 0:22:09]} 20. Qxa7 {[%emt 0:02:02]} Qxa7 {[%emt 0:06:28]} 21. Bxa7 {[%emt 0:00:50]} d4 {[%emt 0:00:06]} 22. Nb5 {[%emt 0:11:51]} Bxb2 {[%emt 0:01:40]} 23. Rd1 {[%emt 0:02:23]} Bc4 {[%emt 0:08:06]} 24. Bxd4 {[%emt 0:09:19]} Rd8 {[%emt 0:02:55]} 0-1

[Event "Groningen Festival 2019-A"]
[Site "Groningen"]
[Date "2019.12.30"]
[Round "9.10"]
[White "Zwirs, Nico"]
[Black "Hilverda, Alexander"]
[Result "1-0"]
[WhiteElo "2422"]
[BlackElo "2294"]
[Annotator "NA"]
[PlyCount "74"]
[EventDate "2019.12.15"]
[EventType "swiss"]
[EventCountry "NED"]
[SourceTitle "playchess.com"]
[Source "ChessBase"]
[SourceQuality "1"]
[TimeControl "40/5400+30:1800+30"]

1. c4 {[%emt 0:00:00]} e5 {[%emt 0:00:00]} 2. a3 {[%emt 0:00:03]} Nf6 {[%emt 0:00:56]} 3. d3 {[%emt 0:00:17]} c6 {[%emt 0:06:12]} 4. Nf3 {[%emt 0:00:18]} Be7 {[%emt 0:01:51]} 5. g3 {[%emt 0:00:06]} O-O {[%emt 0:00:09]} 6. Bg2 {[%emt 0:00:04]} Re8 {[%emt 0:01:03]} 7. O-O {[%emt 0:01:42]} Bf8 {[%emt 0:00:14]} 8. Nc3 {[%emt 0:00:06]} h6 {[%emt 0:01:18]} 9. e4 {[%emt 0:07:02]} d5 {[%emt 0:07:27]} 10. exd5 {[%emt 0:00:58]} cxd5 {[%emt 0:00:05]} 11. cxd5 {[%emt 0:00:09]} Nxd5 {[%emt 0:01:32]} 12. Nxd5 {[%emt 0:00:29]} Qxd5 {[%emt 0:00:06]} 13. Re1 {[%emt 0:00:05]} Bg4 {[%emt 0:07:14]} 14. h3 {[%emt 0:00:58]} Bxf3 {[%emt 0:00:36]} 15. Bxf3 {[%emt 0:02:30]} Qd7 {[%emt 0:01:30]} 16. d4 $14 {[%emt 0:06:39]} Nc6 {[%emt 0:02:33]} 17. dxe5 {[%emt 0:01:27]} Nxe5 {[%emt 0:12:44]} 18. Qxd7 {[%emt 0:09:15]} Nxd7 {[%emt 0:04:23]} 19. Be3 {[%emt 0:04:10]} Nc5 {[%emt 0:19:13]} 20. Rad1 {[%emt 0:09:05]} a5 {[%emt 0:07:31]} 21. Rd5 {[%emt 0:06:42]} Rad8 {[%emt 0:07:06]} 22. Red1 {[%emt 0:16:12]} Rxd5 {[%emt 0:00:26]} 23. Rxd5 {[%emt 0:02:55]} b6 {[%emt 0:01:46]} 24. Kf1 {[%emt 0:00:32]} Be7 {[%emt 0:01:56]} 25. Ke2 {[%emt 0:12:44]} Bf6 {[%emt 0:02:41]} 26. b4 {[%emt 0:00:25]} axb4 {[%emt 0:01:06]} 27. axb4 {[%emt 0:00:01]} Na6 {[%emt 0:01:34]} 28. b5 {[%emt 0:03:06]} Nc7 {[%emt 0:01:48]} 29. Rd3 {[%emt 0:01:16]} Bg5 {[%emt 0:03:29]} 30. Bc6 {[%emt 0:00:20]} Rb8 {[%emt 0:01:55]} 31. f4 {[%emt 0:02:57]} Bf6 {[%emt 0:00:42]} 32. Rd7 {[%emt 0:05:12]} Ne6 {[%emt 0:00:14]} 33. Bd5 {[%emt 0:02:31]} Kf8 {[%emt 0:04:28]} 34. Bxe6 {[%emt 0:03:26]} fxe6 {[%emt 0:00:01]} 35. Rd6 {[%emt 0:00:09]} Ke7 {[%emt 0:00:29]} 36. Rxb6 {[%emt 0:00:12]} Ra8 {[%emt 0:01:08]} 37. Bc5+ {[%emt 0:00:54]} Kd7 {[%emt 0:00:00]} 1-0

[Event "Groningen Festival 2019-A"]
[Site "Groningen"]
[Date "2019.12.30"]
[Round "9.11"]
[White "Maris, Ivo"]
[Black "Zhou, Guijue"]
[Result "1/2-1/2"]
[WhiteElo "2413"]
[BlackElo "2238"]
[Annotator "NA"]
[PlyCount "113"]
[EventDate "2019.12.15"]
[EventType "swiss"]
[EventCountry "NED"]
[SourceTitle "playchess.com"]
[Source "ChessBase"]
[SourceQuality "1"]
[TimeControl "40/5400+30:1800+30"]

1. a3 {[%emt 0:07:31]} Nf6 {[%emt 0:00:00]} 2. c4 {[%emt 0:00:33]} e5 {[%emt 0:00:16]} 3. Nc3 {[%emt 0:00:11]} d5 {[%emt 0:00:18]} 4. cxd5 {[%emt 0:00:05]} Nxd5 {[%emt 0:00:03]} 5. Nf3 {[%emt 0:00:58]} Nc6 {[%emt 0:00:22]} 6. e4 {[%emt 0:01:39]} Nb6 {[%emt 0:03:16]} 7. Bb5 {[%emt 0:00:30]} Bg4 {[%emt 0:08:06]} 8. h3 {[%emt 0:01:18]} Bxf3 {[%emt 0:00:55]} 9. Bxc6+ {[%emt 0:01:02]} bxc6 {[%emt 0:00:04]} 10. Qxf3 {[%emt 0:00:04]} Bc5 {[%emt 0:05:19]} 11. Ne2 {[%emt 0:08:19]} Bd4 {[%emt 0:02:38]} 12. Ra2 {[%emt 0:03:31]} c5 $11 {[%emt 0:02:04]} 13. b3 {[%emt 0:07:32]} a5 {[%emt 0:00:45]} 14. a4 {[%emt 0:02:05]} O-O {[%emt 0:03:35]} 15. d3 {[%emt 0:07:08]} Re8 {[%emt 0:00:45]} 16. g4 {[%emt 0:00:19]} Nd7 {[%emt 0:02:06]} 17. Bd2 {[%emt 0:13:08]} Qb8 {[%emt 0:00:23]} 18. Nc1 {[%emt 0:01:44]} Ra6 {[%emt 0:00:50]} 19. Rh2 {[%emt 0:04:47]} Rf6 {[%emt 0:07:20]} 20. Qd1 {[%emt 0:03:38]} Qb6 {[%emt 0:00:49]} 21. g5 {[%emt 0:02:09]} Rd6 {[%emt 0:01:33]} 22. h4 {[%emt 0:05:56]} c4 {[%emt 0:09:36]} 23. bxc4 {[%emt 0:00:55]} Nc5 {[%emt 0:01:48]} 24. Qc2 {[%emt 0:06:38]} f6 {[%emt 0:03:27]} 25. Ke2 {[%emt 0:03:20]} f5 {[%emt 0:03:49]} 26. Be3 {[%emt 0:02:03]} fxe4 {[%emt 0:00:36]} 27. dxe4 {[%emt 0:00:09]} Bxe3 {[%emt 0:00:13]} 28. fxe3 {[%emt 0:00:10]} Qc6 {[%emt 0:00:17]} 29. Nb3 {[%emt 0:00:43]} Nxe4 {[%emt 0:03:12]} 30. c5 {[%emt 0:01:01]} Rdd8 {[%emt 0:03:42]} 31. Qc4+ {[%emt 0:03:47]} Kh8 {[%emt 0:00:11]} 32. Nd2 {[%emt 0:02:46]} Ng3+ {[%emt 0:06:23]} 33. Ke1 {[%emt 0:01:44]} Rf8 {[%emt 0:01:39]} 34. Rb2 {[%emt 0:01:40]} Qg6 {[%emt 0:01:58]} 35. Qg4 {[%emt 0:01:37]} Rxd2 {[%emt 0:01:48]} 36. Kxd2 {[%emt 0:00:12]} Nf1+ {[%emt 0:00:11]} 37. Kc3 {[%emt 0:00:26]} Nxh2 {[%emt 0:01:18]} 38. Rxh2 {[%emt 0:00:46]} Qb1 {[%emt 0:00:53]} 39. Qd7 {[%emt 0:04:57]} Qb4+ {[%emt 0:00:23]} 40. Kc2 {[%emt 0:00:49]} Qxc5+ {[%emt 0:01:29]} 41. Kd3 {[%emt 0:04:07]} Qb4 {[%emt 0:01:53]} 42. Qxc7 {[%emt 0:07:39]} e4+ {[%emt 0:01:00]} 43. Kc2 {[%emt 0:03:27]} Qxa4+ {[%emt 0:00:05]} 44. Kb2 {[%emt 0:00:34]} Qb4+ {[%emt 0:00:22]} 45. Ka2 {[%emt 0:00:05]} Qa4+ {[%emt 0:04:07]} 46. Kb2 {[%emt 0:01:27]} Qb5+ {[%emt 0:00:06]} 47. Ka2 {[%emt 0:02:04]} Qd5+ {[%emt 0:00:14]} 48. Ka3 {[%emt 0:02:00]} Qd3+ {[%emt 0:00:17]} 49. Ka4 {[%emt 0:00:11]} Qxe3 {[%emt 0:00:07]} 50. Qd6 {[%emt 0:00:56]} Qf3 {[%emt 0:06:03]} 51. h5 {[%emt 0:01:42]} e3 {[%emt 0:00:37]} 52. Rh4 {[%emt 0:00:59]} Qf5 {[%emt 0:01:50]} 53. h6 {[%emt 0:00:45]} Rg8 {[%emt 0:05:16]} 54. hxg7+ {[%emt 0:02:23]} Rxg7 {[%emt 0:00:46]} 55. Qd8+ {[%emt 0:00:53]} Rg8 {[%emt 0:00:05]} 56. Qd4+ {[%emt 0:00:07]} Rg7 {[%emt 0:00:11]} 57. Qd8+ {[%emt 0:00:04]} 1/2-1/2